Using visual data in qualitative research: The sage qualitative research kit (Record no. 394116)

MARC details
000 -LEADER
fixed length control field 00574 a2200205 4500
005 - DATE & TIME
control field 20260103120853.0
008 - FIXED-LENGTH DATA ELEMENTS--GENERAL INFORMATION
fixed length control field 260103b |||||||| |||| 00| 0 eng d
020 ## - ISBN
International Standard Book Number 9789354798146
Price Rs. 925.00
040 ## - CATALOGING SOURCE
Original cataloging agency VIVEKANANDA LIBRARY
082 ## - DDC NUMBER
Classification number 300.72
Book Number M334U(2)
100 ## - MAIN ENTRY--PERSONAL NAME
Personal name Marcus Banks
245 ## - TITLE STATEMENT
Title Using visual data in qualitative research: The sage qualitative research kit
250 ## - EDITION STATEMENT
Edition statement 2nd
260 ## - PUBLICATION, DISTRIBUTION, ETC. (IMPRINT)
Name of publisher, distributor, etc Sage Publications India
Date of publication, distribution, etc 2025
Place of publication, distribution, etc New Delhi
300 ## - PHYSICAL DESCRIPTION
Pages xvi, 170
650 ## - Subject
Subject Social Science
650 ## - Subject
Subject Research Methods
700 ## - Added Entry Personal Name
Added Entry Personal Name Flick, Uwe, ed.
942 ## - ADDED ENTRY ELEMENTS (KOHA)
Koha item type Books
Holdings
Withdrawn status Lost status Source of classification or shelving scheme Damaged status Not for loan Location (home branch) Sublocation or collection (holding branch) Shelving location Date acquired Koha issues (times borrowed) Koha full call number Accession No. Koha date last seen Koha item type
    Dewey Decimal Classification     VIVEKANANDA LIBRARY VIVEKANANDA LIBRARY Chaudhry Ranbir Singh Inst. of Social and Economic Change 12/12/2025   300.72 M334U(2) 443611 12/12/2025 Books
    Dewey Decimal Classification     VIVEKANANDA LIBRARY VIVEKANANDA LIBRARY Chaudhry Ranbir Singh Inst. of Social and Economic Change 12/12/2025   300.72 M334U(2) 443612 12/12/2025 Books
© Designed and Maintained by Vivekananda Library, MDU Rohtak